Některé filosofické otázky informačních procesů v řízení

Guardado en:
Detalles Bibliográficos
Autor principal: Schermer, Jindřich
Formato: Libro
Lenguaje:checo
Publicado: Praha VŠE 1967
Edición:1. vyd.
Etiquetas: Agregar Etiqueta
Sin Etiquetas, Sea el primero en etiquetar este registro!

MARC

LEADER 00000nam a2200000 4500
001 c036275
005 20250512104348.5
041 0 |a cze 
044 |a CZ 
245 1 0 |a Některé filosofické otázky informačních procesů v řízení  |c Jindřich Schermer 
250 |a 1. vyd. 
264 1 |a Praha  |b VŠE  |c 1967 
300 |a 37 s. 
100 1 |a Schermer, Jindřich